Illustrated particulars, plans and conditions of sale of the whole of the freehold real estate of H.M. Factory, Gretna on the borders of Dumfriesshire and Cumberland, embracing the modern townships of Gretna and Eastriggs, and the Mossband, Longtown, and Dornock areas...comprising about 600 lots...for sale by auction by Messrs. W.L. Tiffen and Sons, in conjunction with Messrs. W.P. Gibbings and Son in the County Hall, Carlisle on Tuesday, Wednesday, Thursday and Friday, 22nd, 23rd, 24th and 25th July 1924... (Record no. 116521)

MARC details
000 -LEADER
fixed length control field 01226cam a22002175a 4500
001 - CONTROL NUMBER
control field L140898
008 - FIXED-LENGTH DATA ELEMENTS--GENERAL INFORMATION
fixed length control field 071017s1924 xxk eng u
035 ## - SYSTEM CONTROL NUMBER
System control number (Sirsi) u140898
041 0# - LANGUAGE CODE
Language code of text/sound track or separate title eng
110 2# - MAIN ENTRY--CORPORATE NAME
Corporate name or jurisdiction name as entry element W L Tiffen and Sons
9 (RLIN) 5405
245 00 - TITLE STATEMENT
Title Illustrated particulars, plans and conditions of sale of the whole of the freehold real estate of H.M. Factory, Gretna on the borders of Dumfriesshire and Cumberland, embracing the modern townships of Gretna and Eastriggs, and the Mossband, Longtown, and Dornock areas...comprising about 600 lots...for sale by auction by Messrs. W.L. Tiffen and Sons, in conjunction with Messrs. W.P. Gibbings and Son in the County Hall, Carlisle on Tuesday, Wednesday, Thursday and Friday, 22nd, 23rd, 24th and 25th July 1924...
260 ## - PUBLICATION, DISTRIBUTION, ETC.
Place of publication, distribution, etc. S.l.
Name of publisher, distributor, etc. s.n.
Date of publication, distribution, etc. [1924]
300 ## - PHYSICAL DESCRIPTION
Extent 137 p.
Other physical details ill., map, 37 cm. +
Accompanying material 5 plans (col. 84 x 87 cm., or smaller, folded to 34 x 22 cm., or smaller)
340 ## - PHYSICAL MEDIUM
Material base and configuration Printed
351 ## - ORGANIZATION AND ARRANGEMENT OF MATERIALS
Hierarchical level Single item
500 ## - GENERAL NOTE
General note Plans are housed in a pocket on the inside of the rear cover.
651 4# - SUBJECT ADDED ENTRY--GEOGRAPHIC NAME
Geographic name Scotland
Chronological subdivision 1999-
690 ## - LOCAL SUBJECT ADDED ENTRY--TOPICAL TERM (OCLC, RLIN)
Topical term or geographic name as entry element PROPERTY-PROPERTY ACQUISITION AND DISPOSAL-ACQUISITION AND DISPOSAL AT AUCTION
710 2# - ADDED ENTRY--CORPORATE NAME
Corporate name or jurisdiction name as entry element W P Gibbings and Son
9 (RLIN) 5406
942 ## - ADDED ENTRY ELEMENTS (KOHA)
Suppress in OPAC 0
Holdings
Withdrawn status Lost status Source of classification or shelving scheme Damaged status Not for loan Home library Current library Shelving location Date acquired Total Checkouts Full call number Barcode Date last seen Copy number Price effective from Koha item type
    Dewey Decimal Classification     Historic collection Historic collection Historic collection 17/10/2007   MAP CABINET DRAWER 6 30013152 06/08/2019 1 06/08/2019 Archive